000 00796nam a2200229 4500
999 _c1479
_d1479
001 1479
003 BD-JhCC
005 20171125103409.0
008 171019s1999 bg |||| |||| 000 0 mul d
020 _a9844101417
035 _a(BD-JhCC)1479
040 _aBD-JhCC
_dBD-JhCC
041 _aBengali and English
082 _a891.4409
_bJIB 1999
245 _aজীবনানন্দ দাশের অগ্রন্থিত প্রবন্ধাবলী /
_cফয়জুল লতিফ চৌধুরী
260 _aঢাকা :
_bমাওলা ব্রাদার্স,
_c1999.
300 _a240 p. :
_c22 cm.
650 _aCollection of Unpublished Prose works
700 _aচৌধুরী, ফয়জুল লতিফ
942 _2ddc
_cBK